MDQL
is popping MORE tags! Check the
thread
!
Quizzes
Events
Quiz Creation
Community
Videos
Private Events
Remove Ads
Sign In
Join for FREE
Feedback
Dark Mode
Quiz Categories
Sports
Geography
Music
Movies
Television
Just For Fun
Miscellaneous
History
Literature
Language
Science
Gaming
Entertainment
Religion
Holiday
For Kids
Quiz Lab
Recent
Popular Today
Quiz Kudos Today
Editor Picks
Curator Picks
Quizzes by...
Day
Popularity
Type
Ratings
Length
Year
Community
Subscriptions
Recent Discussions
Orange Saloon
Badges
Playlists
Quests
Create
Leaderboards
Showdown
Live 5
Trivia Bingo
Activity
Puzzle Library
Sporcle Events
Private Events
Virtual Trivia
Globe League
Become a Host
Pub Owners
SporcleCon
Opinionation
Our Games
Videos
Blog
Mobile Apps
Partnerships
Remove Ads and Go Orange
Feedback
Television
TV Characters
TV Show
Sitcom
Network
Friends
Reality Shows
Cast
South Park
Star Trek
The Simpsons
Doctor Who
Television
TV Characters
TV Show
Sitcom
Network
Friends
Reality Shows
Cast
South Park
Star Trek
The Simpsons
Doctor Who
Random Quiz
Search Sporcle
×
Quiz Lab
Quiz Lab
Television
Lyrics
Type in answers that appear in a list
Type in answers that appear in a list
Classic
Best Score? Go Orange.
SNL Digital Shorts Lyrics Stats
Can you name the SNL Digital Shorts by Their Lyrics?
By
shawneybabyy
4m
13 Questions
178 Plays
178 Plays
178 Plays
Comments
Comments
Give Quiz Kudos
Give Quiz Kudos
-
- Ratings
hide this ad
Random Order
Randomize order of answers
Randomize order of answers
Replay
Link that replays current quiz
Next Quiz
Link to next quiz in quiz playlist
You Got
0%
They Got
Avg Score
56%
Avg Friend Score
Upgrade to see
Score Distribution
Jump to the score distribution portion of the page
Score
0/13
Timer
04:00
0
Plays Today
Lyrics
Digital Short
% Correct
I got my swim trunks, and my flippy floppys. I'm flippin' burgers, You at Kinko's straight flippin' copies...
I'm on a Boat
86%
Hit on Debrah [title]; Get rejected [title]; Swallow sadness {title] Send some faxes [title]
Like a Boss
83.1%
Cause every Mother's Day needs a mother's night; If doing it is wrong, I don't wanna be right
Mother Lover
81.5%
The Chronic-
What-
cles of Narnia, We love the Cronic-
What-
cles of Narnia
Lazy Sunday
80.3%
When Bruce Willis was dead at the end of sixth sense, I [title]; I just ate a grape and I [title]...
J**z in my pants
77.5%
The music washed away all their heads, and society started advancing. Every demographic voice represented. It was a rainbow coalition of Dancing
Boombox
55.1%
I know you say there's no gays in Iran, But your in New York now baby....
Iran So Far
53.9%
I was walking down the street with my so called girlfriend. She hands me her phone. She said it was my father. I said Man, this ain't my father, this is a cell phone
On the ground
48.9%
Any problem is solvable, We can feed the hungry& cure disease, but all of that would be a huge waste of time, 'Cause we live in the Matrix
Great Day
40.4%
We like Fire and ice taking over the whole world. From the mountain tops, down to the boys and girls
Shy Ronnie
36%
We don't cover incidentals, So keep your a** off the minibar!
Space Olympics
34.3%
Ever since i came out my mama's butt, I knew i was destined for greatness, So i looked in a dumpster and i saw a wig and thought 'Hey, brother, I'm gonna take this'
Two Worlds Collide
30.3%
Let me tell you 'bout a look i know. From San Diego down to Mexico. It's Top Secret & it's just for gents. So button up your shirt and drop your pants.
The Best Look in the World
22.5%
Quiz Playlist
Details
Report
Send in Message
Add To Playlist
Classic:
Type in answers that appear in a list
Random Order:
Randomize order of answers
Last Updated: Feb 16, 2017
Quiz Scoreboard
CHALLENGE
Sign Up to Join the Scoreboard
Show All
Scores
Hide
Comments
May contain spoilers
Recently Published
Street Fighter Characters
by Artimus82
Gaming
60s
9x9 Crossword: Cartoon Network
by jackfrog10
Miscellaneous
3m
College Basketball Coaching Resumes
by pancakes188
Sports
9m
More to Explore
Quiz From the Vault
Featured Blog Post
Where Did the Easter Bunny Come From?
hide this ad
You Might Also Like...
Tags
Lyrics Quiz
digital
short
snl
SNL Digital
Today's Top Quizzes in Television
Browse Television
hide this ad
Today's Top Quizzes in Lyrics
Browse Lyrics
Top Contributed Quizzes in Television
1
5-to-1: The Simpsons Families
2
Adjectives in 80s TV Shows
3
Adjectives in 00s TV Shows
4
Survivor Journey Challenge
5
5-to-1: Television Doctors
6
7-to-1: TV Show Settings
7
Adjectives in 10s TV Shows
8
5-to-1: Streaming Originals
9
Survivor Seasons
10
Adjectives in 70s TV Shows
Explore More
Trending Topics
Kpop
Anime
Crossword
NBA
Harry Potter
Marvel
Disney
Puzzle
The Office
Soccer
Country
WWE
Song
Pokémon
NFL
hide this ad
More By:
shawneybabyy
Quiz
Plays
Rating
Category
Featured
Created
Opening Lyrics: 2007-2010
763
3.14
Music
Jun 18, 2010
Guess the McFly Lyrics
730
4.00
Music
Jun 22, 2010
Lady Gaga Songs by Lyrics
302
3.67
Music
Jun 24, 2010
SNL Digital Shorts Lyrics
178
Television
Jun 18, 2010
Go to Creator's Profile
Score Distribution
Quiz Creator Spotlight
shawneybabyy
Follow
Send a Message
Quizzes Created
-
Created Quiz Play Count
-
More By This Creator
Popular Quizzes Today
1
Find the US States - No Outlines Minefield
2
Find the Countries of Europe - No Outlines Minefield
3
The Countries of the World
4
Find the US States
5
Risky Map Clicking: Biggest States A-Z
6
US States
7
Popular People in 1961
8
Movies - When Are They Set?
More Television Quizzes
Ranczo - co wiesz o Pawle Koziole?
Quiz Lab
Trending Quizzes
Risky Map Clicking: Least Populous States A-Z
Countries of the World: 200 Million BC
1-10 Letter G Words
Risky Map Clicking: Next State Alphabetically
Adjectives in 80s TV Shows
Recently Updated
Leaping Animals
pecheneg
Reality TV Shows (A-Z)
bhenderson79
Rickey Henderson's Hall of Fame Teammates
pecheneg
Champions League XIs: Arsenal
pecheneg
Quick Pick: Celebrities in WWE's Hall of Fame
aduchscher
A-Z Keypad Blitz II
pecheneg
Multiple Oscar Actors
pecheneg
Mystery Phrase Blitz: Oscar 'Best Actors'
pecheneg
F. Scott Fitzgerald Novels
LTH
Pick 3 Villains
ddd62291
Trending Topics
Crossword
Harry Potter
NBA
Marvel
Kpop
Anime
Disney
Song
Pokémon
NFL
WWE
Soccer
The Office
Puzzle
Country
Your Account Isn't Verified!
In order to create a playlist on Sporcle, you need to verify the email address you used during registration. Go to your
Sporcle Settings
to finish the process.
Report this User
Report this user for behavior that violates our
Community Guidelines
.
Details:
Send Report
Go to the Sporcle.com Mobile Site →
Comments